000 00799nam a2200241Ia 4500
003 GCL
008 140319s9999 xx 000 0 ara d
020 _a1316015977
040 _aGCL /
_cGCL
082 0 4 _a637.1
_bط ت
100 1 _aطارق مراد النمر
245 1 0 _aالتصنيع اللبنى :
_bالاساسيات - التقنيات /
_cطارق مراد النمر
250 _aالاولى
260 _aالقاهرة :
_bبستان المعرفة ،
_c2002
300 _a302 ص ؛
_c24 سم
650 0 4 _aمنتجات الالبان
650 0 4 _aاللبن
650 0 4 _aاللبن - الانتاج الحيوانى
650 0 4 _aاللبن - تصنيع
650 0 4 _aاللبن - تسويق
650 0 4 _aالجبنة - صناعة وتجارة
942 _2ddc
_cBK
999 _c59252
_d59252